| 000 | 00563nam a2200229Ia 4500 | ||
|---|---|---|---|
| 999 |
_c3391 _d3391 |
||
| 003 | OSt | ||
| 005 | 20250908165420.0 | ||
| 008 | 200302s9999 xx 000 0 und d | ||
| 020 | _a 978-8857204727 | ||
| 040 | _aBMSCA | ||
| 041 | _aEng | ||
| 082 | 0 | 4 |
_223rd _a724.7 MOL _bMos |
| 100 | 1 | _aValerio Paolo Mosco | |
| 245 | 1 | 0 | _aNaked Architecture |
| 260 |
_bSkira Published: _aItaly, _c2012. |
||
| 260 | _c2012 | ||
| 300 |
_a319 _c6.66 x 1.05 x 8.53 cm. |
||
| 500 | _aIt includes illustrations | ||
| 504 | _a313p. | ||
| 650 | 7 | _aArchitecture | |
| 942 | _2ddc | ||